Skill Development inIndia/ (Record no. 206215)

MARC details
000 -LEADER
fixed length control field 00550nam a22001937a 4500
005 - DATE AND TIME OF LATEST TRANSACTION
control field 20241009160930.0
010 ## - LCCN (DPL NO)
LC control number ENG-141993
020 ## - INTERNATIONAL STANDARD BOOK NUMBER
International Standard Book Number 9789383279463
Terms of availability 695.00
035 ## - SYSTEM CONTROL NUMBER
System control number EN-125525
037 ## - SOURCE OF ACQUISITION
Source of stock number/acquisition DBAD
082 ## - DEWEY DECIMAL CLASSIFICATION NUMBER
Classification number 370.157
Edition number 1
100 ## - MAIN ENTRY--PERSONAL NAME
Personal name Taing, Kalpana
245 ## - TITLE STATEMENT
Title Skill Development inIndia/
Statement of responsibility, etc by Kalpana Taing
250 ## - EDITION STATEMENT
Edition statement 1
260 ## - PUBLICATION, DISTRIBUTION, ETC. (IMPRINT)
Place of publication, distribution, etc New Delhi
Name of publisher, distributor, etc Agni Prakashan
Date of publication, distribution, etc 2021
270 ## - ADDRESS
Address W-112, Greater Kailash Part One
City New Delhi
Postal code 110048
300 ## - PHYSICAL DESCRIPTION
Extent 168p.
Dimensions 22cm(hb)
942 ## - ADDED ENTRY ELEMENTS (KOHA)
Source of classification or shelving scheme Dewey Decimal Classification
Item type English Books
Classification part 370.157
Call number suffix TAI
Holdings
Withdrawn status Lost status Not for loan Collection code Home library Current library Date acquired Source of acquisition Cost, normal purchase price Full call number Barcode Copy number Cost, replacement price Koha item type
      Non-fiction Central Library Central Library 09/10/2024 Delivery of Books Act Division 695.00 370.157 TAI EN-125525 1 695.00 English Books

© Delhi Public Library
Hit Counter
free hit counter